Normal view
MARC view
- Dromey, R. G.
Entry Personal Name
001 - CONTROL NUMBER
- control field: 36485
003 - CONTROL NUMBER IDENTIFIER
- control field: NUST
005 - DATE AND TIME OF LATEST TRANSACTION
- control field: 20210314130029.0
008 - FIXED-LENGTH DATA ELEMENTS
- fixed length control field: 210314|| aca||aabn | a|a d
040 ## - CATALOGING SOURCE
- Original cataloging agency: NUST
- Transcribing agency: NUST
100 ## - HEADING--PERSONAL NAME
- Personal name: Dromey, R. G.
670 ## - SOURCE DATA FOUND
- Source citation: Work cat.: (NUST): Dromey, R. G.,, How to solve it by computer /, c1982.
